Gestos, tecnologías y sociedades : tendencias y emergencias en tiempos de pospandemia /

Bibliographic Details
Other Authors: Wilches Tinjacá, Jaime Andrés (Editor), Castiblanco Roldán, Andrés (Editor), Daza-Orozco, Carlos Eduardo (Editor)
Format: Electronic eBook
Language:Spanish
Published: Bogotá, Colombia : Publicaciones Politécnico Grancolombiano, 2022.
Subjects:
Online Access:Digitalia Hispánica

MARC

LEADER 00000nam a2200000Ii 4500
001 DIGPOGRAN0061
003 NyNyDIG
006 m o d
007 cr |||||||||||
008 240515s2022 ck a ob 000 0 spa d
035 |a (OCoLC)1435609429 
040 |a DGITA  |b eng  |e rda  |e pn  |c DGITA 
020 |a 9789585835276  |q eBook 
020 |z 9789585835245 
043 |a s-ck--- 
050 1 4 |a LC1041 ebook 
245 0 0 |a Gestos, tecnologías y sociedades :  |b tendencias y emergencias en tiempos de pospandemia /  |c editores científicos, Jaime Andrés Wilches-Tinjacá, Andrés Castiblanco-Roldán, Carlos Eduardo Daza-Orozco. 
264 1 |a Bogotá, Colombia :  |b Publicaciones Politécnico Grancolombiano,  |c 2022. 
300 |a 1 online resource :  |b illustrations. 
336 |a text  |b txt  |2 rdacontent 
337 |a computer  |b c  |2 rdamedia 
338 |a online resource  |b cr  |2 rdacarrier 
347 |a text file  |2 rdaft 
347 |b PDF 
504 |a Includes bibliographical references. 
588 0 |a Online resource; title from PDF title page (Digitalia, viewed May 15, 2024) 
650 0 |a Technical education  |z Colombia. 
650 0 |a Education  |z Colombia. 
700 1 |a Wilches Tinjacá, Jaime Andrés,  |e editor. 
700 1 |a Castiblanco Roldán, Andrés,  |e editor. 
700 1 |a Daza-Orozco, Carlos Eduardo,  |e editor. 
776 0 8 |i Print version:  |t Gestos, tecnologías y sociedades.  |d Bogotá, Colombia : Publicaciones Politécnico Grancolombiano, 2022  |z 9789585835245 
791 2 |a Digitalia (Firm),  |e distributor. 
793 0 |g Digitalia eBook Collection:  |a Politécnico Grancolombiano 
856 4 0 |3 Digitalia Hispánica  |u https://www.digitaliapublishing.com/a/137052/ 
910 |a Premium collection: 2024